<?xml version="1.0" encoding="UTF-8"?><?xml-stylesheet type="text/xsl" href="static/style.xsl"?><OAI-PMH xmlns="http://www.openarchives.org/OAI/2.0/" xmlns:xsi="http://www.w3.org/2001/XMLSchema-instance" xsi:schemaLocation="http://www.openarchives.org/OAI/2.0/ http://www.openarchives.org/OAI/2.0/OAI-PMH.xsd"><responseDate>2026-06-04T01:42:56Z</responseDate><request verb="GetRecord" identifier="oai:riuma.uma.es:10630/38454" metadataPrefix="marc">https://riuma.uma.es/rest/oai/request</request><GetRecord><record><header><identifier>oai:riuma.uma.es:10630/38454</identifier><datestamp>2026-02-12T12:44:54Z</datestamp><setSpec>com_10630_1685</setSpec><setSpec>col_10630_38083</setSpec></header><metadata><record xmlns="http://www.loc.gov/MARC21/slim" xmlns:dcterms="http://purl.org/dc/terms/" xmlns:doc="http://www.lyncode.com/xoai" xmlns:xsi="http://www.w3.org/2001/XMLSchema-instance" xsi:schemaLocation="http://www.loc.gov/MARC21/slim http://www.loc.gov/standards/marcxml/schema/MARC21slim.xsd">
   <leader>00925njm 22002777a 4500</leader>
   <datafield ind2=" " ind1=" " tag="042">
      <subfield code="a">dc</subfield>
   </datafield>
   <datafield ind2=" " ind1=" " tag="720">
      <subfield code="a">Lozano-Francisco, María del Carmen</subfield>
      <subfield code="e">author</subfield>
   </datafield>
   <datafield ind2=" " ind1=" " tag="260">
      <subfield code="c">2020</subfield>
   </datafield>
   <datafield ind2=" " ind1=" " tag="520">
      <subfield code="a">Las interacciones entre diferentes especies son un aspecto importante en el estudio de la dinámica de los ecosistemas. Así, la competencia interespecífica será un conjunto de procesos qué pueden organizarse de acuerdo con el resultado de beneficio o perjuicio que la interacción provoca sobre el crecimiento de cada una de las poblaciones ejemplos son la interacción depredador-presa o la de un parásito y su hospedador.&#xd;
Un caso particular del estudio de las interacciones entre un parásito y su hospedador es el de la propagación de un agente infeccioso. Como supondréis en este caso el estudio se centra en el proceso epidémico en el interior de la población hospedadora.&#xd;
Pero ¿qué es una epidemia, cuando hablamos de pandemia, cómo diferenciamos un proceso epidémico de uno endémico?&#xd;
Una epidemia se produce cuando una enfermedad contagiosa se propaga rápidamente en una población determinada, afectando simultáneamente a un gran número de personas durante un periodo de tiempo concreto. Si el brote afecta a regiones geográficas extensas se cataloga como pandemia; tal es el caso del VIH o del SARS-CoV-2 (COVID-19). Cuando la enfermedad permanece de forma indefinida en una población es una endemia como es el caso de la malaria, dengue, fiebre amarilla o la enfermedad de Changas.</subfield>
   </datafield>
   <datafield ind1="8" ind2=" " tag="024">
      <subfield code="a">https://hdl.handle.net/10630/38454</subfield>
   </datafield>
   <datafield tag="653" ind2=" " ind1=" ">
      <subfield code="a">Epidemiología - Estudio y enseñanza superior</subfield>
   </datafield>
   <datafield ind2="0" ind1="0" tag="245">
      <subfield code="a">Modelos epidemiológicos: modelo SIR (Guion de prácticas)</subfield>
   </datafield>
</record>
</metadata></record></GetRecord></OAI-PMH>